000 00268nam a22000977a 4500
999 _c11071
_d11071
008 180823b ||||| |||| 00| 0 eng d
020 _a9788189932008
100 _aBishnoi Promila,etal.
_96850
245 _aSocial Science-X
260 _aNew Delhi
_bPrachi Publications
_c2016